Au courant : teaching French vocabulary and culture using the mass media /

Bibliographic Details
Main Author: Berwald, Jean-Pierre
Corporate Authors: Center for Applied Linguistics, ERIC Clearinghouse on Languages and Linguistics, United States. Office of Educational Research and Improvement
Format: Government Document Book
Language:English
French
Published: Washington, D.C. : Center for Applied Linguistics, ERIC Clearinghouse on Languages and Linguistics, 1986.
Series:Language in education ; 65.
Subjects:

MARC

Tag First Indicator Second Indicator Subfields
LEADER 00000cam a2200000 a 4500
001 in00000016114
005 20151007052704.0
008 861219s1986 dcuab b f00010 eng d
020 |a 0872813274 
035 |a (OCoLC)14995637 
035 |9 AAA8799AM 
037 |a ED267644  |b ERIC 
040 |a OTC  |c OTC  |d GPO  |d TXA  |d UtOrBLW 
041 0 |a eng  |a fre 
043 |a n-us---  |a e-fr--- 
049 |a TXAM  |c [A12644087] 
050 4 |a PC2065  |b .B463 1986 
074 |a 466-A-3 (microfiche) 
086 0 |a ED 1.310/2:267644 
100 1 |a Berwald, Jean-Pierre. 
245 1 0 |a Au courant :  |b teaching French vocabulary and culture using the mass media /  |c by Jean-Pierre Berwald. 
264 1 |a Washington, D.C. :  |b Center for Applied Linguistics, ERIC Clearinghouse on Languages and Linguistics,  |c 1986. 
300 |a vii, 156 pages :  |b illustrations, maps ;  |c 28 cm. 
336 |a text  |b txt  |2 rdacontent 
337 |a unmediated  |b n  |2 rdamedia 
338 |a volume  |b nc  |2 rdacarrier 
490 1 |a Language in education: theory and practice ;  |v 65 
500 |a "Office of Educational Research and Improvement"--Title page verso. 
500 |a Distributed to depository libraries in microfiche. 
500 |a "Contract 400-82-009"--Title page verso. 
504 |a Bibliography: pages 151-155. 
650 0 |a French language  |x Study and teaching. 
650 0 |a Mass media and language  |z United States. 
650 0 |a Mass media in education  |z United States. 
710 2 |a Center for Applied Linguistics. 
710 2 |a ERIC Clearinghouse on Languages and Linguistics. 
710 1 |a United States.  |b Office of Educational Research and Improvement. 
830 0 |a Language in education ;  |v 65. 
999 |a MARS 
999 f f |s 72aa0711-1d93-3650-b95c-c623ae2e45a1  |i 57bf7fe4-2426-39ae-b0bc-7721f79d73f3  |t 0 
952 f f |p ric  |a Texas A&M University  |b Rellis Campus  |c Joint Library Facility  |s JLF  |d Remote Storage  |t 0  |e PC2065 .B463 1986  |h Library of Congress classification  |i unmediated -- volume  |m A14812644087 
998 f f |a PC2065 .B463 1986  |t 0  |l Remote Storage